| 000 | 00479nam a2200193Ia 4500 | ||
|---|---|---|---|
| 003 | OSt | ||
| 005 | 20251209164536.0 | ||
| 008 | 210210b1992 xxu||||| |||| 00| 0 eng d | ||
| 040 | _cAL | ||
| 041 | _aeng | ||
| 082 | _a305.8954 CHAN | ||
| 100 |
_aChanna Subhadra Mitra _9248547 |
||
| 245 | _aNagaland : a contemporary ethnography | ||
| 260 |
_aNew Delhi _bCosmo Publications _c1992 |
||
| 300 | _a311p | ||
| 690 |
_aEthnic Groups _9248548 |
||
| 906 | _a046641 | ||
| 942 |
_2ddc _cBK |
||
| 999 |
_c96025 _d96025 |
||